| 000 | 00485nam a2200181Ia 4500 | ||
|---|---|---|---|
| 008 | 230711s9999||||xx |||||||||||||| ||und|| | ||
| 020 | _a978-0-07-182959-5 | ||
| 041 | _aENG | ||
| 082 |
_a697.00151 _bBE-H |
||
| 100 | _aBell, Arthur A. | ||
| 245 | 0 | _aHVAC equations, data, and rules of thumb | |
| 250 | _a23th Ed. | ||
| 260 |
_c2016 _aNew Delhi _bMcGraw Hill Education(India) Private Limited |
||
| 300 | _a636p. | ||
| 650 | _aArchitecture | ||
| 700 | _aAngel,W.Larsen | ||
| 942 | _cBK | ||
| 999 |
_c6440 _d6440 |
||